| 000 | 01059cab a2200277 4500 | ||
|---|---|---|---|
| 001 | WB3244-12 | ||
| 008 | 090401t1996 xxu||||| |||| 00| 0 eng d | ||
| 035 | _a(Sirsi) u56184 | ||
| 041 | _aeng | ||
| 245 | _aLiability for damage | ||
| 260 | _c1996 | ||
| 350 | _a0 | ||
| 490 |
_aTimes _v22 November 1996, 40(1) |
||
| 520 | _a"Louis v Sadiq" CA 12 November 1996. A building owner who undertook structural building works affecting a party wall without complying with the London Building Acts (Amendment) Act 1939 and thereby caused damage to adjoining property was liable to the owners of the adjoining property for damages for nuisance including special damages incurred through loss of sale of the property. | ||
| 650 | _aDAMAGES | ||
| 650 | _aLIABILITY | ||
| 650 | _aLONDON BUILDING ACTS (AMENDMENT) ACT 1939 | ||
| 650 | _aLOSS OF SALE | ||
| 650 | _aLOUIS V SADIQ | ||
| 650 | _aNUISANCE | ||
| 650 |
_aParty walls _96258 |
||
| 650 | _aSTRUCTURAL WORKS | ||
| 690 | _aHIGHWAYS AND RIGHTS OF WAY-CASE LAW | ||
| 942 | _n0 | ||
| 948 | _c04/03/1997 | ||
| 999 |
_c34271 _d34271 |
||